Women in the national movement / (Record no. 104752)

MARC details
000 -LEADER
fixed length control field 00668nam a22002057a 4500
005 - DATE AND TIME OF LATEST TRANSACTION
control field 20161124155120.0
010 ## - LCCN (DPL NO)
LC control number ENG-116639
020 ## - INTERNATIONAL STANDARD BOOK NUMBER
International Standard Book Number 9788184845204
Terms of availability 980.00
035 ## - SYSTEM CONTROL NUMBER
System control number EN-100171
037 ## - SOURCE OF ACQUISITION
Source of stock number/acquisition DBAD/PUB
082 ## - DEWEY DECIMAL CLASSIFICATION NUMBER
Classification number 324.082095409043
100 ## - MAIN ENTRY--PERSONAL NAME
Personal name Sanjeev Kumar
245 ## - TITLE STATEMENT
Title Women in the national movement /
Statement of responsibility, etc by Sanjeev Kumar ; foreword by Ashu Pasricha
260 ## - PUBLICATION, DISTRIBUTION, ETC. (IMPRINT)
Place of publication, distribution, etc New Delhi
Name of publisher, distributor, etc Regal Publications
Date of publication, distribution, etc 2016
270 ## - ADDRESS
Address F-159, Rajouri Garden
City New Delhi
Postal code 110041
300 ## - PHYSICAL DESCRIPTION
Extent viii,215p.
Dimensions 22cm(Hb)
500 ## - GENERAL NOTE
General note Includes bibliographical references and index
700 ## - ADDED ENTRY--PERSONAL NAME
Personal name Pasricha, Ashu
942 ## - ADDED ENTRY ELEMENTS (KOHA)
Source of classification or shelving scheme Dewey Decimal Classification
Item type English Books
Classification part 324.082095409043
Call number suffix SAN
Holdings
Withdrawn status Lost status Not for loan Collection code Home library Current library Date acquired Source of acquisition Cost, normal purchase price Full call number Barcode Copy number Cost, replacement price Koha item type
    Not For Loan Non-fiction D.B.Act.Division Bawana 24/11/2016 DBAD/PUB 980.00 324.082095409043 SAN EN-100171 1 980.00 English Books

© Delhi Public Library
Hit Counter
free hit counter